Basketball Players by Picture - Turkiye - Statistics

General Stats
  • This quiz has been taken 27 times
  • The average score is 13 of 20
Answer Stats
Picture Answer % Correct
Alperen Şengün
100%
Cedi Osman
100%
Shane Larkin
88%
Hidayet Türkoğlu
85%
Furkan Korkmaz
81%
Adem Bona
73%
Ersan İlyasova
73%
Enes Freedom
69%
Melih Mahmutoğlu
62%
Ömer Yurtseven
62%
Mehmet Okur
58%
Kerem Tunçeri
54%
Ömer Aşık
54%
Scottie Wilbekin
54%
İbrahim Kutluay
50%
Kenan Sipahi
46%
Semih Erden
46%
Sinan Güler
46%
Mirsad Türkcan
42%
Onuralp Bitim
42%
No matching quizzes found
Score Distribution
Percent of People with Each Score
Percentile by Number Answered
Your Score History
You have not taken this quiz